00401nam a2200169 a 450000100060000000300090000600800410001502000150005604000280007108200190009910000200011824500100013825000060014826000470015430000110020165000190021211643CO-ViMGA141112s2004 ck r 000 u spa d a840137541X aCO-ViMGAbspacCO-ViMGA04aCh 863.6 A55p11 aAllende, Isabel10aPaula a9 aBarcelon, cPlaza y Janes editores, c1998 a366 p.14aNOVELA CHILENA